Computer applications in mechanical engineering / (Record no. 143328)

MARC details
000 -LEADER
fixed length control field 00544nam a22001817a 4500
010 ## - LCCN (DPL NO)
LC control number ENG-119576
020 ## - INTERNATIONAL STANDARD BOOK NUMBER
Terms of availability 595.00
International Standard Book Number 8172452453
020 ## - INTERNATIONAL STANDARD BOOK NUMBER
Terms of availability 595.00
International Standard Book Number 9788182472846
035 ## - SYSTEM CONTROL NUMBER
System control number EN-103108
037 ## - SOURCE OF ACQUISITION
Source of stock number/acquisition DBAD/PUB
082 ## - DEWEY DECIMAL CLASSIFICATION NUMBER
Classification number 620
100 ## - MAIN ENTRY--PERSONAL NAME
Personal name Tyagi, Vidit
245 ## - TITLE STATEMENT
Title Computer applications in mechanical engineering /
Statement of responsibility, etc by Vidit Tyagi
260 ## - PUBLICATION, DISTRIBUTION, ETC. (IMPRINT)
Place of publication, distribution, etc Panchkula-(H.R.)
Name of publisher, distributor, etc Dot Publications
Date of publication, distribution, etc 2012
270 ## - ADDRESS
Address # 1471, Sector 15
City Panchkula -(H.R.)
300 ## - PHYSICAL DESCRIPTION
Extent 220p.:
Dimensions 24cm(Hb)
Other physical details ill.
942 ## - ADDED ENTRY ELEMENTS (KOHA)
Source of classification or shelving scheme Dewey Decimal Classification
Item type English Books
Classification part 620
Call number suffix TYA
Holdings
Withdrawn status Lost status Not for loan Collection code Home library Current library Date acquired Source of acquisition Cost, normal purchase price Full call number Barcode Copy number Cost, replacement price Koha item type
    Not For Loan Non-fiction D.B.Act.Division D.B.Act.Division 14/08/2017 DBAD/PUB 595.00 620 TYA EN-103108 1 595.00 English Books

© Delhi Public Library
Hit Counter
free hit counter